Skúšobníctvo a certifikácia
Význam skúšobníctva a certifikácie. Právne nástroje zákona o štátnom skúšobníctve č. 30/1968 Zb. Princípy osvedčovania stavebných výrobkov. Predmet certifikácie výrobkov. Požiadavky na stavbu podľa stavebného zákona č. 50/1976 Zb. Zákon o stavebných výrobkoch č. 90/1998 Z.z. Preukazovanie zhody v sú...
Gespeichert in:
| 1. Verfasser: | |
|---|---|
| Format: | Buchkapitel |
| Sprache: | Slowakisch |
| Schlagworte: | |
| Tags: |
Keine Tags, Fügen Sie das erste Tag hinzu!
|
MARC
| LEADER | 00000naa a2200000 4500 | ||
|---|---|---|---|
| 001 | r037419 | ||
| 005 | 20230825083915.7 | ||
| 041 | 0 | |a slo | |
| 044 | |a SK | ||
| 245 | 1 | 0 | |a Skúšobníctvo a certifikácia |c Anna Kučková |
| 520 | |a Význam skúšobníctva a certifikácie. Právne nástroje zákona o štátnom skúšobníctve č. 30/1968 Zb. Princípy osvedčovania stavebných výrobkov. Predmet certifikácie výrobkov. Požiadavky na stavbu podľa stavebného zákona č. 50/1976 Zb. Zákon o stavebných výrobkoch č. 90/1998 Z.z. Preukazovanie zhody v súlade s európskou smernicou. Príprava zákona o technických požiadavkách na výrobky a o posudzovaní zhody. Certifikácia systémov kvality. | ||
| 610 | 2 | 0 | |a certifikácia |
| 610 | 2 | 0 | |a skúšobníctvo štátne |
| 610 | 2 | 0 | |a testovanie výrobkov |
| 610 | 2 | 0 | |a osvedčenie priemyselné |
| 610 | 2 | 0 | |a výrobky stavebné |
| 610 | 2 | 0 | |a stavby |
| 610 | 2 | 0 | |a zákony |
| 610 | 2 | 0 | |a Slovensko |
| 610 | 2 | 0 | |a kvalita výrobkov |
| 610 | 2 | 0 | |a smernice |
| 610 | 2 | 0 | |a normy ISO |
| 100 | 1 | |a Kučková, Anna | |